000 00740nam a2200217 a 4500
005 20251204064007.0
008 160525s2015 mx r 000 0 spa d
020 _a9786074954487
035 _aUPN01000210647
049 _aCG
050 4 _aKGF7537.3
_bS2.2
100 1 _aSánchez Arteche, Alfonso,
_d1952-
_939272
245 1 0 _aAlbum de los constituyentes :
_bdel Estado de México (1916-1917) /
_cAlfonso Sánchez Arteche, Cristian Reynoso Rodríguez.
260 _aMéxico :
_bFOEM :
_bINEHRM,
_c2015.
300 _a76 p. :
_bil.
651 2 _aEstado de México
_xHistoria constitucional
_925707
650 4 _aHistoria constitucional
_96652
700 1 _aReynoso Rodríguez, Cristian,
_ecoaut.
905 _aLibro
999 _c182748
_d182748